000 01104nam a2200265 i 4500
001 18342
003 DO-SdUEMH
005 20260114212759.0
007 ta
008 260114b2006 dr a|||gr|||| 000 0 spa d
040 _aDO-SdUEMH
_bspa
_erda
041 _aspa
082 0 1 _mRD
_bR426so
100 _eaut
245 1 0 _aLineamientos de políticas de desarrollo urbano para la ciudad de San José de Ocoa /
_cJulio C. Corral, Angela Malagón, Evelio Toribio
246 _aSan José de Ocoa :
_blineamientos de políticas de desarrollo urbano
264 0 1 _aSantiago de los Caballeros, Republica Dominicana :
_bCEUR / PUCMM,
_c2006
300 _a242 páginas :
_bIlustraciones ;
_c27 cm.
336 _2rdacontent
_atexto
_btxt
337 _2rdamedia
_asin mediación
_bn
338 _2rdacarrier
_avolumen
_bnc
504 _aBibliografías en paginas 233-234-235-236
505 2 _aLa ciudad de San José de Ocoa en el contexto subregional -- Caracterización de la ciudad de San José de Ocoa -- Perfil, escenarios, propuestas y lineamientos de políticas -- Bibliografía -- Anexos.
942 _2ddc
_n0
_cBK
999 _c18342
_d18342